000
00499nam a2200145Ia 4500
008
090122s9999 xx 000 0 und d
082
_b
5544
_a
920.72
100
_a
टिळक
_b
लक्ष्मीबाई
245
_a
स्मृती चिञो भाग पहिला
600
_a
टिळक
630
_a
स्मृती चिञो भाग पहिला
700
_a
टिळक
730
_a
स्मृती चिञो भाग पहिला
942
_c
BOOK
999
_c
29622
_d
29622